Matching Once Upon A Time Characters Quiz Stats

 Plays Quiz not verified by Sporcle

Challenge
Share
Tweet
Embed
Score 0/34 Timer 05:00
0 Plays Today
% Correct
Mary Margaret Blanchard
94.2%
Ruby
94%
Mr. Gold
94%
David Nolan
93.9%
Regina Mills
93.4%
Emma Swan
92.9%
Archie Hopper
92.9%
August W. Booth
92.1%
Cora
92%
Dr. Whale
91.3%
Sidney Glass
91.3%
Jefferson
91.2%
Killian Jones
91.2%
Sherrif Graham
90.7%
Ashley Boyd
90.3%
Leroy
90.2%
Mother Superior
88.8%
% Correct
Kathryn Nolan
87.5%
Marco
85.4%
Paige
84.8%
Ava Zimmer
81.9%
Dragon
81.9%
Sister Astrid
80.9%
Ms. French
79.9%
Granny
79.3%
Nicholas Zimmer
77.7%
Mrs. Ginger
76.8%
Sean Herman
75.4%
Albert Spencer
73.4%
Moe French
72.1%
Michael Tilman
66.7%
Walter
60.9%
Mr. Clark
59%
Jim
57.3%

You're not logged in!

Compare scores with friends on all Sporcle quizzes.
Join for Free
OR
Log In

You Might Also Like...

Show Comments

Extras

Top Quizzes Today


Score Distribution

Your Account Isn't Verified!

In order to create a playlist on Sporcle, you need to verify the email address you used during registration. Go to your Sporcle Settings to finish the process.

Report this User

Report this user for behavior that violates our Community Guidelines.

Details: